000 00544nam a2200181Ia 4500
008 151018s9999 xx 000 0 und d
082 _bRBASDV23564
_a891.463
100 _aपद्माकर पाटील
245 _aमहानगर
250 _b1
260 _bज्ञानेश प्रकाशन
_c1985
300 _a164
600 _aपद्माकर पाटील
630 _aमहानगर
700 _aपद्माकर पाटील
730 _aमहानगर
942 _cBOOK
999 _c1023218
_d1023215